[Event "Yingmei CHN-chT 2018"]
[Site "Shenzhen"]
[Date "2018.04.13"]
[Round "3"]
[White "Ju, Wenjun"]
[Black "Xiao, Yiyi"]
[Result "1/2-1/2"]
[WhiteElo "2568"]
[BlackElo "2363"]
[Annotator "TA"]
[PlyCount "129"]
[EventDate "2018.??.??"]
[EventCountry "CHN"]
[SourceTitle "playchess.com"]
[Source "ChessBase"]
[SourceQuality "1"]

{[%evp 19,129,0,48,31,13,-2,64,58,95,92,107,74,71,71,127,126,116,117,150,172,177,159,266,269,256,242,241,239,250,240,247,238,214,229,314,250,239,206,188,162,172,165,162,119,116,116,110,91,139,129,135,0,54,21,32,5,15,0,61,61,68,70,68,71,105,38,38,38,40,40,40,2,6,6,4,0,5,0,16,0,34,9,22,15,18,8,20,8,59,0,17,0,28,28,19,2,8,0,0,0,42,8,14,15,15,0,8,0,15,0,17,0]} 1. d4 Nf6 2. Nf3 e6 3. Bf4 c5 4. e3 Nc6 5. Nbd2 d5 6. c3 Nh5 7. Bg5 {D02: 1 d4 d5 2 Nf3 sidelines, including 2...Nf6 3 g3 and 2...Nf6 3 Bf4} Qb6 (7... f6 8. Bh4 g6 9. Bd3 Be7 10. O-O b6 11. Re1 O-O 12. e4 Bb7 13. exd5 exd5 14. Nf1 cxd4 15. Nxd4 Nxd4 16. cxd4 {1-0 (32) So,W (2788)-Dominguez Perez,L (2739) Saint Louis 2017}) 8. Rb1 h6 9. Bh4 g5 10. Ne5 Ng7 {LiveBook: 4 Games} 11. Nxc6 bxc6 12. Bg3 Nf5 $146 (12... cxd4 $11 13. cxd4 (13. exd4 Be7 $11) 13... Be7) ({Find the theoretical novelty and annotate with similar games:} 12... cxd4 13. exd4 Be7 14. Bd3 Ba6 15. Bxa6 Qxa6 {0-1 (39) Ruiz Sanchez,M (2225)-Garcia Roman,D (2411) Granada 2010}) 13. Be5 $14 Bg7 14. Bxg7 Nxg7 15. Bd3 cxd4 16. cxd4 c5 ({Black should try} 16... Ba6 17. Nb3 Nf5) 17. dxc5 $16 Qxc5 18. h4 Qe7 19. Qa4+ Bd7 20. Qd4 Kf8 (20... Rg8 $16 21. Rc1 Kf8 22. hxg5 hxg5) 21. hxg5 $18 Qxg5 22. Nf3 Qe7 23. Qf4 h5 24. Ne5 Kg8 25. Rc1 Be8 26. Ng4 a5 27. a3 Rd8 28. Rh3 f5 29. Ne5 h4 30. Nf3 Qf6 31. Qd4 Qxd4 32. exd4 Rb8 33. Rc2 ({Of course not} 33. Nxh4 $6 Rxb2 34. Rc3 Kf7 $11) ({Reject} 33. Rxh4 $6 Rxh4 34. Nxh4 Rxb2 $11) 33... Bh5 34. Ne5 Be8 35. Nf3 (35. Kd2 $16) 35... Bh5 $1 $14 36. Nxh4 Bg4 37. Rh2 f4 38. Nf3 {Rxh8+ is the strong threat.} Bxf3 (38... Rxh2 $11 39. Nxh2 Bf5) 39. Rxh8+ Kxh8 40. gxf3 $11 {[%mdl 4096] Endgame KRB-KRN} Kg8 $1 41. Kd2 Kf7 42. b4 ({Better is} 42. Rc7+ $16 Kf6 43. Kc3) 42... axb4 $14 43. Rb2 e5 44. dxe5 Ke6 $1 45. axb4 Kxe5 46. b5 Ne6 47. Kc3 Nc5 {[#] aiming for ...Na4+.} 48. Rb4 Rb6 49. Be2 Ne6 50. Rb2 Kd6 51. Kb4 Nd4 52. Rd2 Ke5 53. Ra2 Kd6 (53... Rb8 $11) 54. Rd2 Ke5 55. Rb2 Kd6 56. Ra2 Rb8 57. Rd2 Ke5 58. Rb2 Kd6 59. Ra2 Rb6 60. Ra6 Kc7 {White must now prevent ...Rxa6.The position is equal.} 61. Ra7+ Kd6 62. Ra6 Kc7 {And now ...Rxa6 would win.} 63. Ra7+ Kd6 64. Ra2 Rb8 65. Rb2 {Precision: White = 50%, Black = 59%.} 1/2-1/2

[Event "Yingmei CHN-chT 2018"]
[Site "Shenzhen"]
[Date "2018.04.13"]
[Round "3"]
[White "Gao, Rui"]
[Black "Li, Di"]
[Result "1-0"]
[WhiteElo "2566"]
[BlackElo "2455"]
[Annotator "TA"]
[PlyCount "247"]
[EventDate "2018.??.??"]
[EventCountry "CHN"]
[SourceTitle "playchess.com"]
[Source "ChessBase"]
[SourceQuality "1"]

{[%evp 24,247,20,20,41,0,21,23,17,20,27,27,27,19,20,19,20,17,22,8,19,8,34,13,19,15,43,47,35,35,50,50,50,38,69,69,87,69,69,69,69,69,75,75,75,75,87,87,107,100,100,100,119,119,126,119,214,119,118,118,119,93,115,104,118,118,119,106,106,102,126,0,115,93,86,91,86,97,100,69,69,69,69,39,39,0,69,69,69,39,66,39,39,39,69,69,69,69,69,69,69,69,69,0,69,0,69,8,8,8,8,8,8,8,8,8,8,8,8,0,0,0,8,0,8,0,0,0,0,0,0,0,0,0,0,0,0,0,0,0,68,8,8,8,8,8,8,8,69,69,69,69,69,68,72,72,75,75,75,75,75,75,75,75,75,72,72,8,8,8,8,8,8,8,8,8,8,8,8,8,8,8,68,8,8,8,8,8,8,0,0,0,8,8,8,8,8,0,0,0,0,0,0,0,0,0,0,0,0,0,0,0,8,8,8,8,29982,29983,8,8,29983,8,29993,29992,29992,29993]} 1. e4 e5 2. Nf3 Nc6 3. Nc3 Nf6 4. d4 exd4 5. Nxd4 Bb4 6. Nxc6 bxc6 7. Bd3 O-O 8. O-O Re8 9. Bg5 {[%cal Bc1g5,Bg5h4,Bh4g3,Bg3c7][%mdl 32]} h6 10. Bh4 Bxc3 11. bxc3 g5 12. Bg3 Nxe4 {C47: Scotch Four Knights and Four Knights with 4 g3} 13. Qh5 {LiveBook: 12 Games. f3 is the strong threat.} Qf6 (13... d6 14. f4 Bf5 15. Bxe4 Bxe4 16. fxg5 Qxg5 17. Qxf7+ Kh8 18. Qxc7 Bxg2 19. Kxg2 Qd5+ 20. Kg1 Re2 21. Rf2 Rxf2 22. Bxf2 Rg8+ 23. Bg3 Qc5+ 24. Kg2 Qd5+ {½-½ (24) Salgado Lopez,I (2627)-Jobava,B (2687) Tbilisi 2017}) 14. Bxc7 d5 {The position is equal.} 15. f4 {Threatens to win with fxg5.} Qg6 $146 ({Predecessor:} 15... Be6 16. Be5 Qg6 17. Qxg6+ fxg6 18. fxg5 hxg5 19. Bxe4 {½-½ (19) Burri,P (2113)-Hauptmann,G (2115) ICCF email 2006}) 16. Qxg6+ fxg6 17. fxg5 hxg5 18. c4 Bf5 19. cxd5 cxd5 20. Ba5 Rac8 21. Rad1 g4 22. Bb4 Rc7 23. a4 Rb8 24. c3 Kh7 25. Bxe4 Bxe4 26. Rf4 ({Reject} 26. Bd6 Rb2 $17) 26... Rcb7 27. Rxg4 a5 28. Bxa5 {And now Bb4 would win.} Rb1 29. Rxb1 Rxb1+ $14 {[%mdl 4096] Endgame KRB-KRB} 30. Kf2 Ra1 31. Bb6 Rxa4 32. Ke3 Ra2 33. Rh4+ $1 Kg8 34. g3 Rc2 35. Bd4 Kf7 36. Kf4 Ke6 37. Rh8 Kd6 38. h4 Kc6 39. Rb8 Rc1 (39... Kc7 $16 {was necessary.} 40. Rb5 Kc6 41. Rb6+ Kd7) 40. g4 (40. Kg5 $18) 40... Rc2 41. Rb6+ Kd7 42. Ra6 Rg2 43. Rf6 Bc2 44. Rb6 Bd3 45. Rb7+ Kc6 46. Rf7 Bc2 47. Rf6+ Kd7 48. Kg5 Bd1 49. Rf7+ ({Much weaker is} 49. Kxg6 Rxg4+ 50. Kf5 Rxh4 $11) 49... Ke6 50. Rf4 Rg3 51. Kxg6 Bxg4 52. Rf6+ Ke7 53. Rf7+ Ke6 {( -> ...Bf5+)} 54. Rf6+ (54. Rf8 {with more complications.} Bd1+ 55. Kh6 Rh3 56. Rf4 Be2 57. Kg7) 54... Ke7 55. Bc5+ Ke8 56. Rf8+ Kd7 57. Bd4 Bd1+ 58. Kh6 Bc2 59. h5 Ke6 60. Ra8 Be4 61. Ra7 Bf3 62. Ra6+ Ke7 63. Ra7+ Ke6 64. Ra6+ Ke7 $1 65. Bf6+ (65. Rg6 $14 Rh3 66. Rg7+ Ke6 67. Rg5) 65... Kd7 $1 $11 66. Bh4 Rh3 $1 {[%cal Rh3h4]} 67. Kg5 {White wants to play Ra3.} Bxh5 $1 68. Kxh5 {aiming for Ra3.} Rxc3 {KRB-KR} 69. Kg5 Rc6 70. Ra1 Rc4 71. Bg3 Kc6 72. Kf5 Re4 73. Be5 Rh4 74. Ke6 Rh6+ 75. Bf6 Kc5 76. Rc1+ Kb5 77. Ke5 d4 78. Rd1 Kc5 79. Be7+ Kc6 80. Rxd4 Rh1 81. Rc4+ Kd7 (81... Kb5 $11) 82. Bf6 (82. Bh4 $14) 82... Rh5+ 83. Ke4 Kd6 84. Rc1 Ra5 $1 85. Bd4 Rh5 ({Black should play} 85... Ra4 $11) 86. Rb1 $14 Rh4+ 87. Kd3 $1 Rh3+ 88. Kc4 $1 Ke6 89. Rb6+ Kf5 90. Kd5 Rf3 91. Rf6+ Kg4 92. Rg6+ Kf5 93. Rg2 Kf4 94. Be5+ Ke3 95. Ra2 (95. Kc4 $1 $16) 95... Kd3 $11 96. Ra3+ Ke2 97. Ra4 Ke3 98. Rc4 Rf8 99. Rc3+ Kd2 100. Ra3 Re8 101. Ke4 Kc2 102. Rc3+ Kd2 ({Better is} 102... Kb1 $11) 103. Rb3 (103. Rc4 $14) 103... Rc8 104. Rh3 Kc2 105. Rh2+ Kb3 106. Rb2+ Ka3 107. Rb7 Re8 108. Kd4 Rd8+ 109. Kc4 {[%cal Rb7a7]} Rc8+ 110. Kd3 Ka4 111. Bc3 Rg8 112. Kc2 Rg2+ 113. Bd2 {White wants to mate with Rb4+.} Rg4 114. Rb1 Rh4 115. Be1 Rf4 116. Bc3 Rh4 117. Kd3 Rg4 118. Bd4 Rh4 119. Kc4 {[%cal Rb1a1]} Rh3 120. Rb6 $1 {[%cal Rb6a6]} Rh5 121. Bf6 {Bc3 would kill now.} Rf5 $1 {[#]} 122. Re6 $2 (122. Rb1 $1 {mates} Rf4+ 123. Bd4 Rf3 124. Rb4+ Ka3 125. Rb8 Ka2 126. Rb2+ Ka3 127. Rb8) 122... Rh5 $2 {[%mdl 8192]} (122... Rb5 $11) 123. Bd8 Ka3 {[#]} 124. Re2 $1 {Precision: White = 55%, Black = 65%.} 1-0

[Event "Yingmei CHN-chT 2018"]
[Site "Shenzhen"]
[Date "2018.04.13"]
[Round "3"]
[White "Lei, Tingjie"]
[Black "Zhai, Mo"]
[Result "1-0"]
[WhiteElo "2537"]
[BlackElo "2310"]
[Annotator "TA"]
[PlyCount "93"]
[EventDate "2018.??.??"]
[EventCountry "CHN"]
[SourceTitle "playchess.com"]
[Source "ChessBase"]
[SourceQuality "1"]

{[%evp 21,93,38,46,39,39,35,46,51,41,53,51,42,34,42,40,23,52,46,70,37,88,69,115,107,113,118,110,106,121,138,124,131,154,152,233,226,250,245,255,156,139,145,166,157,179,107,129,121,436,450,457,481,477,415,452,436,527,546,545,545,543,541,530,520,661,653,653,619,738,722,751,751,822,822]} 1. e4 e5 2. Nf3 Nf6 3. Nxe5 d6 4. Nf3 Nxe4 5. d4 d5 6. Bd3 Be7 7. O-O Nd6 8. c3 {C42: Petroff Defence: 3 Nxe5 and unusual White 3rd moves} (8. Re1 O-O 9. Bf4 Re8 10. b3 Nc6 11. c3 g6 12. Nbd2 Bf5 13. Nf1 Qd7 14. Ne3 Be6 15. Qc2 f5 16. Ng5 Bxg5 17. Bxg5 {½-½ (41) Grischuk,A (2772)-Bu,X (2730) Riadh 2017}) 8... O-O 9. Re1 Re8 10. Bf4 Nd7 {[%cal Bb8d7,Bd7f8,Bf8e6][%mdl 32]} 11. Nbd2 Nf8 {LiveBook: 11 Games} 12. Qb3 c6 13. h3 Ne6 14. Bh2 g6 {[#]} 15. c4 $146 ({Find the theoretical novelty and annotate with similar games:} 15. Re2 Bf8 {0-1 (57) Anton Guijarro,D (2654)-Kuzubov,Y (2646) Kocaeli 2017}) 15... dxc4 16. Nxc4 Nb5 {[%cal Bd6b5,Bb5c7,Bc7d5][%mdl 32]} 17. Nce5 $1 Nbc7 18. Bc4 {next Nxf7! is good for White.} (18. Nxf7 Kxf7 19. Bc4 Nd5 $17) 18... Nd5 19. Ng4 Kg7 20. Rad1 f6 (20... Nec7 $14) 21. Ne3 $36 {[%cal Re3d5][%mdl 2048] White is more active.} a5 22. Bxd5 a4 23. Qc4 cxd5 24. Qxd5 ({Resist} 24. Nxd5 b5 $11) 24... Bb4 {[#]} 25. Qxd8 $1 Rxd8 26. Re2 a3 27. b3 Ra5 (27... g5 $16 28. Rc2 Nf4 29. Rc7+ Kh8) 28. d5 Rc5 29. Bg3 ({Stronger than} 29. dxe6 Rxd1+ 30. Nxd1 Rc1 $11) 29... Kf8 30. Nc2 ({Not} 30. dxe6 Rxd1+ 31. Nxd1 Rc1 $11) 30... Bc3 31. d6 Kf7 32. Nxa3 Bd7 33. Nc2 (33. Nc4 $18) 33... Bb5 34. Re3 {Black must now prevent b4.} f5 $2 {[%mdl 8192]} (34... Bd7 $16 {is tougher.} 35. Kh2 Ba5) 35. b4 $18 Rcc8 {[#]} 36. Rxe6 $1 Kxe6 37. Nfd4+ Bxd4 38. Nxd4+ {White is clearly winning.} Kf6 39. Nxb5 Rc4 40. f4 Rd7 41. a3 h6 42. Re1 g5 43. fxg5+ hxg5 44. Be5+ Ke6 45. Bd4+ Kf7 46. Re5 Kg6 47. Re7 {Precision: White = 83%, Black = 46%.} 1-0

[Event "Yingmei CHN-chT 2018"]
[Site "Shenzhen"]
[Date "2018.04.13"]
[Round "3"]
[White "Liu, Qingnan"]
[Black "Xu, Yinglun"]
[Result "1/2-1/2"]
[WhiteElo "2527"]
[BlackElo "2545"]
[Annotator "TA"]
[PlyCount "61"]
[EventDate "2018.??.??"]
[EventCountry "CHN"]
[SourceTitle "playchess.com"]
[Source "ChessBase"]
[SourceQuality "1"]

{[%evp 23,61,11,12,0,12,9,12,8,18,22,15,16,19,33,28,14,23,-12,0,0,0,0,9,2,11,0,0,0,0,0,0,0,0,0,0,0,0,0,0,0]} 1. e4 c5 2. Nf3 d6 3. d4 cxd4 4. Nxd4 Nf6 5. Nc3 a6 6. Bg5 Nbd7 7. f4 Qb6 8. Qd2 e5 {B94: Sicilian Najdorf: 6 Bg5 Nbd7} 9. Nf5 Qxb2 10. Rb1 Qa3 11. Be2 h6 12. Bh4 exf4 {LiveBook: 5 Games} 13. O-O g6 14. Rxf4 g5 $1 {[%cal Rg5f4]} 15. Rb3 {[#]} Qa5 $146 16. Nxd6+ Bxd6 17. Qxd6 Qc5+ ({Much weaker is} 17... gxh4 18. Rxf6 Qc5+ 19. Qxc5 $16) 18. Qxc5 Nxc5 19. Rxf6 {[#] Threatens to win with Bg3.} gxh4 20. Bc4 (20. Rb4 {seems wilder.} Be6 21. Nd5 h3 22. gxh3 Rd8 23. Rd4) 20... Be6 {The position is equal.} 21. Bxe6 fxe6 22. Rb4 Ke7 23. e5 h3 24. Ne2 Raf8 25. Rxf8 Rxf8 $11 {[%mdl 4096] Endgame KRN-KRN} 26. Nf4 {[#] Black must now prevent Ng6+.} Rd8 27. Nd3 a5 28. Rb5 Nxd3 29. Rxb7+ Kf8 30. cxd3 Rxd3 {And now ...Rd1+ would win.} 31. gxh3 {Precision: White = 79%, Black = 74%.} 1/2-1/2

[Event "Yingmei CHN-chT 2018"]
[Site "Shenzhen"]
[Date "2018.04.13"]
[Round "3"]
[White "Tan, Zhongyi"]
[Black "Yang, Yijing"]
[Result "1-0"]
[WhiteElo "2523"]
[BlackElo "1987"]
[Annotator "TA"]
[PlyCount "109"]
[EventDate "2018.??.??"]
[EventCountry "CHN"]
[SourceTitle "playchess.com"]
[Source "ChessBase"]
[SourceQuality "1"]

{[%evp 20,109,14,6,86,70,105,103,117,130,131,114,170,160,161,162,154,120,121,81,105,105,112,106,158,166,193,139,140,132,144,136,159,149,163,171,167,158,163,159,138,118,136,132,135,114,116,109,112,112,122,112,122,115,120,120,146,101,177,136,162,161,152,152,152,152,152,152,205,202,251,264,260,248,271,260,258,264,327,320,328,301,347,329,337,340,346,349,410,426,418,411]} 1. d4 d5 2. Nf3 Nf6 3. c4 dxc4 4. e3 e6 5. Bxc4 a6 6. O-O c5 7. dxc5 Qxd1 8. Rxd1 Bxc5 9. Nbd2 b6 10. Be2 {D27: Queen's Gambit Accepted: Classical main line: 7 e4!? and 7 a4} Bb7 11. Nc4 {LiveBook: 27 Games} Nc6 $146 (11... Nbd7 $11) ({Predecessor:} 11... Bd5 12. Bd2 Nbd7 13. b4 Be7 14. Nd4 O-O 15. a4 g6 16. f3 e5 17. Nb3 Rfc8 {0-1 (46) Inarkiev,E (2660)-Kasimdzhanov,R (2704) Berlin 2015}) 12. Nfd2 $16 {White is better.} O-O-O {[#]} 13. Nb3 $1 Rxd1+ 14. Bxd1 Rd8 {[%cal Rd8d1]} 15. Bd2 Ne4 (15... Kd7 $16 16. Bf3 Ke7 17. Nxc5 bxc5) 16. Nxc5 $18 bxc5 17. Be1 Nd6 18. Na5 Kb8 19. Ba4 Nb5 20. f3 Nxa5 21. Bxa5 Rd3 ({Better is} 21... Rc8 22. Rd1 Bc6) 22. Kf2 $16 c4 23. Ke2 (23. Bc2 $18) 23... Rd6 24. Rc1 Rc6 25. Kf2 Ka7 26. Bd1 f5 27. Be2 Nd6 28. Rd1 Bc8 29. Rd4 e5 30. Rd1 Be6 31. Bc3 Nf7 32. e4 fxe4 33. fxe4 Kb6 34. Ke3 Kc7 35. Bb4 Kc8 36. Rf1 Kd7 37. Bh5 g6 38. Bg4 Nd8 (38... Nd6 $16) 39. Rd1+ Ke8 40. Bxe6 Rxe6 $18 {[%mdl 4096] Endgame KRB-KRN} 41. Rd5 Nc6 42. Bc3 Ke7 43. Rc5 Kd7 (43... Kd6 $16 {was called for.} 44. Rxc4 Re8) 44. Rxc4 Kc7 45. Rc5 Kb6 46. Rd5 Re7 47. b4 Rf7 48. a3 {[%cal Ba2a3,Ba3a4,Ba4b5][%mdl 32]} Re7 49. h3 Re6 50. Kd3 Re7 51. Kc4 Kb7 52. a4 Rc7 53. Rc5 Rf7 54. b5 axb5+ 55. axb5 {Precision: White = 85%, Black = 46%.} 1-0

[Event "Yingmei CHN-chT 2018"]
[Site "Shenzhen"]
[Date "2018.04.13"]
[Round "3"]
[White "Harika, Dronavalli"]
[Black "Chu, Ruotong"]
[Result "1-0"]
[WhiteElo "2503"]
[BlackElo "2284"]
[Annotator "TA"]
[PlyCount "69"]
[EventDate "2018.??.??"]
[EventCountry "CHN"]
[SourceTitle "playchess.com"]
[Source "ChessBase"]
[SourceQuality "1"]

{[%evp 16,69,36,7,58,47,51,48,51,54,81,75,81,90,91,91,89,82,85,37,122,122,128,127,195,195,195,174,195,154,163,163,144,126,129,129,367,344,2258,2250,5709,3472,2181,1497,1945,1715,1791,29962,29973,29974,29974,29975,29972,29973,29973,29974]} 1. c4 g6 2. Nf3 Nf6 3. Nc3 d5 4. cxd5 Nxd5 5. h4 Bg7 6. e4 {A16: English Opening: 1...Nf6 with ...d5} (6. h5 Nc6 7. h6 Bf6 8. Ne4 Bg4 9. e3 O-O 10. Nxf6+ exf6 11. Be2 Re8 12. O-O Qe7 13. d4 {0-1 (22) Akobian,V (2647)-Duda,J (2717) Riadh 2017}) 6... Nxc3 7. dxc3 Qxd1+ 8. Kxd1 Nd7 9. h5 {LiveBook: 4 Games} O-O $146 (9... Nc5 $11) ({Predecessor:} 9... Nc5 10. h6 Bf8 11. Nd2 e5 12. f3 Be6 13. Bc4 {1-0 (45) Jumabayev,R (2611)-Darini,P (2511) Doha 2016}) 10. hxg6 hxg6 11. Kc2 Nc5 12. Ng5 Ne6 13. Bc4 Nxg5 14. Bxg5 Be6 15. Bxe6 fxe6 16. Raf1 Kf7 17. f4 Rh8 {[#]} ({Better is} 17... e5 $1 $14) 18. e5 $1 $16 Rxh1 19. Rxh1 Rh8 (19... Rd8 $16 20. c4 c6) 20. Rxh8 $18 Bxh8 {[%mdl 4096] Endgame KB-KB} 21. a4 {[%cal Ba2a4,Ba4a5,Ba5a6][%mdl 32]} Bg7 22. Kd3 Ke8 23. b4 {[%cal Bb2b4,Bb4b5][%mdl 32]} Kd7 24. Bh4 Bf8 25. b5 c5 $2 (25... a6 $16 {keeps fighting.} 26. c4 axb5) 26. a5 b6 $2 (26... Bh6 27. Ke4 b6) 27. a6 Bh6 28. Ke4 Bf8 29. Bf2 Kc7 30. Be3 Kc8 31. g4 {[%cal Bg2g4,Bg4g5][%mdl 32]} Bh6 {White mates.} 32. g5 Bf8 33. Kd3 Kc7 34. Kc4 Kc8 {[#]} 35. Bxc5 $1 {[%mdl 512] Precision: White = 79%, Black = 30%.} 1-0

[Event "Yingmei CHN-chT 2018"]
[Site "Shenzhen"]
[Date "2018.04.13"]
[Round "3"]
[White "Wan, Yunguo"]
[Black "Andreikin, Dmitry"]
[Result "1/2-1/2"]
[WhiteElo "2500"]
[BlackElo "2702"]
[Annotator "TA"]
[PlyCount "42"]
[EventDate "2018.??.??"]
[EventCountry "CHN"]
[SourceTitle "playchess.com"]
[Source "ChessBase"]
[SourceQuality "1"]

{[%evp 12,42,44,23,19,10,0,0,-2,0,-11,-18,25,32,9,10,8,0,14,14,8,0,0,0,0,0,0,7,16,0,0,0,15]} 1. e4 g6 2. d4 Bg7 3. Nf3 c6 4. Nc3 d6 5. h3 Nf6 6. a4 O-O 7. a5 {LiveBook: 15 Games. B08: Pirc Defence: Classical System} (7. Be3 Nbd7 8. a5 e5 9. dxe5 dxe5 10. Nd2 Qe7 11. Nc4 Ne8 12. Be2 f5 13. f3 Ndf6 14. Qd2 Nh5 15. exf5 Ng3 16. Rg1 Nxf5 17. O-O-O b5 18. Nxb5 Nxe3 19. Nxe3 {0-1 (38) Alsina Leal,D (2507)-Anton Guijarro,D (2654) Linares 2017}) 7... d5 8. Bd3 c5 $146 ({Predecessor:} 8... dxe4 9. Nxe4 Nbd7 10. O-O Nxe4 11. Bxe4 Qc7 12. c3 Nf6 13. Bc2 Be6 14. Re1 Bd5 {0-1 (67) Gutman,L (2533)-Galdunts,S (2495) Darmstadt 2001}) 9. dxc5 dxe4 10. Nxe4 Nxe4 11. Bxe4 Na6 {Strongly threatening ...Qxd1+.} (11... Qc7 {with more complications.} 12. Qe2 Na6 13. Bd3 Nxc5 14. Bc4 Be6) 12. Qxd8 Rxd8 13. c6 {The position is equal.} bxc6 14. O-O $1 ({Of course not} 14. Bxc6 Nb4 $17) 14... Rb8 15. Be3 c5 16. Rad1 $36 {[%mdl 2048] White is more active.} Rf8 17. b3 Rb5 18. Bg5 Bf6 19. Bh6 Bg7 20. Bg5 Bf6 21. Bh6 Bg7 {Precision: White = 57%, Black = 78%.} 1/2-1/2

[Event "Yingmei CHN-chT 2018"]
[Site "Shenzhen"]
[Date "2018.04.13"]
[Round "3"]
[White "Saduakassova, Dinara"]
[Black "Gu, Tianlu"]
[Result "1-0"]
[WhiteElo "2481"]
[BlackElo "2171"]
[Annotator "TA"]
[PlyCount "79"]
[EventDate "2018.??.??"]
[EventCountry "CHN"]
[SourceTitle "playchess.com"]
[Source "ChessBase"]
[SourceQuality "1"]

{[%evp 22,79,27,0,43,23,38,24,64,36,59,24,22,33,22,16,31,0,16,14,25,0,37,27,99,82,205,135,232,0,200,192,202,154,153,133,133,119,126,115,117,118,134,129,130,135,482,441,637,660,612,573,642,653,649,644,615,629,687,687]} 1. d4 d5 2. c4 e6 3. Nf3 Nf6 4. g3 Bb4+ 5. Bd2 Be7 6. Bg2 O-O 7. O-O Nbd7 8. Qc2 c6 9. Bf4 b6 {E11: Bogo-Indian} 10. b3 (10. cxd5 cxd5 11. Rc1 Bb7 12. Qb3 Rc8 13. Rxc8 Qxc8 14. Nc3 Nh5 15. Bg5 Bxg5 16. Nxg5 Nhf6 17. e3 Qb8 18. Bf1 Rc8 {½-½ (56) So,W (2788)-Karjakin,S (2760) London 2017}) 10... Bb7 11. Nc3 a5 12. Rfd1 {LiveBook: 5 Games} Nh5 $146 13. Bc1 f5 14. Ne5 Rc8 15. Bb2 Bd6 16. Na4 {[#] Nxd7 is the strong threat.} Bxe5 17. dxe5 b5 18. Nc3 Nxe5 19. cxb5 cxb5 20. Qd2 $1 Ng4 21. h3 Ngf6 (21... Nxf2 $5 22. Kxf2 f4 $14) 22. Nxb5 {Threatens to win with Ba3.} Ne4 (22... Nxg3 $1 $11 23. fxg3 Qb6+ 24. Nd4 e5) 23. Qd4 Qg5 (23... Rc2 $16 {might work better.}) 24. Qe5 {Strongly threatening Bxe4.} Rc2 (24... Qf6 $16) 25. Ba3 $2 (25. Bxe4 $18 dxe4 26. Ba3) 25... Qf6 $2 (25... Nhxg3 $1 $11 {and Black has nothing to worry.} 26. Qxe6+ (26. fxg3 $2 Qe3+ 27. Kh2 f4 $19) 26... Kh8 27. Bxf8 Nxe2+ 28. Kf1 N2g3+ 29. fxg3 Rf2+ 30. Kg1 {[#]} Rxg2+ $1 {[%mdl 512]} 31. Kf1 (31. Kxg2 $2 {is a self mate.} Qxg3+ 32. Kh1 Nf2#) 31... Rf2+ 32. Kg1 Qxg3+ 33. Kh1 Qh2#) 26. Qxf6 $18 Rxf6 27. Bf3 g6 {intending ...e5.} 28. Nd4 $36 {[%mdl 2048] White is on the roll.} Rc8 29. Rdc1 e5 30. Rxc8+ Bxc8 31. Rc1 Bb7 32. Rc7 Rf7 33. Be7 {aiming for Ne6.} Nc5 $2 {[%mdl 8192]} (33... exd4 $16 34. Rxb7 Nhf6 35. Rb8+ Kg7) 34. Nxf5 {White is clearly winning.} (34. Rxc5 Rxe7 35. Nxf5 gxf5 $18) 34... gxf5 (34... Rxf5 $142 35. Bxc5 Rf7) 35. Bxh5 ({Weaker is} 35. Rxc5 Rxe7 36. Bxh5 d4 $18) 35... Rg7 36. a3 Ba6 37. Ra7 {White wants to mate with Ra8+.} Rxe7 38. Rxe7 Nxb3 39. Rxe5 Bc4 40. Bf3 {Precision: White = 49%, Black = 30%.} 1-0

[Event "Yingmei CHN-chT 2018"]
[Site "Shenzhen"]
[Date "2018.04.13"]
[Round "3"]
[White "Huang, Qian"]
[Black "Ding, Yixin"]
[Result "1/2-1/2"]
[WhiteElo "2440"]
[BlackElo "2419"]
[Annotator "TA"]
[PlyCount "61"]
[EventDate "2018.??.??"]
[EventCountry "CHN"]
[SourceTitle "playchess.com"]
[Source "ChessBase"]
[SourceQuality "1"]

{[%evp 25,61,0,3,0,0,0,0,0,0,0,0,0,6,4,7,1,10,10,10,8,12,4,9,2,14,0,0,0,20,0,0,0,0,0,0,0,0,0]} 1. d4 d5 2. c4 e6 3. Nc3 Nf6 4. Nf3 c5 5. cxd5 Nxd5 6. e4 Nxc3 7. bxc3 cxd4 8. cxd4 Bb4+ 9. Bd2 Bxd2+ 10. Qxd2 O-O 11. Bc4 Nd7 12. O-O {D41: Queen's Gambit Declined: Semi-Tarrasch with 5 cxd5} b6 13. d5 (13. Rad1 Bb7 14. Rfe1 Rc8 15. Bb3 Re8 16. h3 Nf6 17. Qf4 Nh5 18. Qe5 Nf6 19. Qf4 Nh5 20. Qh2 h6 21. d5 exd5 22. exd5 Rxe1+ 23. Nxe1 {½-½ (57) So,W (2799)-Kramnik,V (2800) Berlin 2018}) 13... Nf6 {LiveBook: 8 Games. The position is equal.} 14. dxe6 Bxe6 15. Bxe6 {[#] Bd5 is the strong threat.} Qxd2 16. Nxd2 {Threatens to win with Bb3.} fxe6 17. f3 Rfd8 18. Nb3 Rd7 $146 ({Predecessor:} 18... Rac8 19. Rfc1 e5 {½-½ (31) Volke,K (2454)-Eliet,N (2435) Kallithea 2008}) 19. Rfd1 Rad8 20. Rxd7 Rxd7 $11 {[%mdl 4096] Endgame KRN-KRN} 21. Rc1 Kf7 22. Kf2 e5 23. Ke2 Ke7 24. Rc6 Rd6 25. Rc7+ Rd7 26. Rc8 Rd8 27. Rc7+ Rd7 28. Rc6 Rd6 29. Rc7+ Rd7 30. Rc6 Rd6 31. Rc7+ {Precision: White = 54%, Black = 59%.} 1/2-1/2